Câu chuyện văn chương phương Đông

Giới thiệu những áng văn chương tuyệt tác của các dân tộc phương Đông. Những tác phẩm văn học cổ Ai Cập, ả Rập, Ba Tư, Lưỡng Hà, ấn Độ, Trung Quốc, Nhật Bản

Đã lưu trong:
Sonraí Bibleagrafaíochta
Príomhúdar: Nhật Chiêu
Formáid: Leabhar
Teanga:Vietnamese
Foilsithe: H. Giáo dục 1997
Ábhair:
Clibeanna: Cuir Clib Leis
Gan Chlibeanna, Bí ar an gcéad duine leis an taifead seo a chlibeáil!
Thư viện lưu trữ: Mạng thư viện Đại học Đà Nẵng
LEADER 01244nam a22003498a 4500
001 000014420
003 10785
005 20120426140432.0
008 120426s1997 b 000 0 vieod
020 |c 10000đ  |d 2000b 
041 0 |a vie 
041 0 |a 9812 
080 |a 8(N4) 
082 |a 809  |b NH-C 
084 |a V5(5)-3  |b C125C 
100 1 |a Nhật Chiêu 
245 1 0 |a Câu chuyện văn chương phương Đông  |c Nhật Chiêu 
260 |a H.  |b Giáo dục  |c 1997 
300 |a 231tr : tranh vẽ  |c 21cm 
520 |a Giới thiệu những áng văn chương tuyệt tác của các dân tộc phương Đông. Những tác phẩm văn học cổ Ai Cập, ả Rập, Ba Tư, Lưỡng Hà, ấn Độ, Trung Quốc, Nhật Bản 
653 |a Văn học 
653 |a phương Đông 
OWN |a LSP 
AVA |a UDN50  |b LSP  |d 809 NH-C  |e available  |t Error 5001 Not defined in file expand_doc_bib_avail.  |f 2  |g 0  |h N  |i 0  |k 1 
999 |a From the UDN01 
AVA |a UDN50  |b LSP  |d 809 NH-C  |e available  |t Error 5001 Not defined in file expand_doc_bib_avail.  |f 2  |g 0  |h N  |i 0  |k 1 
TYP |a Monograph 
TYP |a Printed language 
980 |a Mạng thư viện Đại học Đà Nẵng